| 000 | 00584cam a2200145 4500500 | ||
|---|---|---|---|
| 005 | 20260208002333.0 | ||
| 041 | _afre | ||
| 042 | _adc | ||
| 100 | 1 | 0 |
_aGalinier, Jacques _eauthor |
| 245 | 0 | 0 | _aHeike Kämpf, Die Exzentrizität des Verstehens. Zur Debatte um die Verstehbarkeit des Fremden zwischen Hermeneutik und Ethnologie, Berlin, Parerga, 2003, 419 p., bibl., index |
| 260 | _c2005. | ||
| 500 | _a38 | ||
| 786 | 0 | _nL'Homme | 173 | 1 | 2005-01-01 | p. 199d-283d | 0439-4216 | |
| 856 | 4 | 1 | _uhttps://shs.cairn.info/revue-l-homme-2005-1-page-199d?lang=fr&redirect-ssocas=7080 |
| 999 |
_c1645916 _d1645916 |
||